| 000 | 01008nac a22003257a 4500 | ||
|---|---|---|---|
| 001 | BR8203660 | ||
| 003 | BR-BrBNA | ||
| 005 | 20240105115356.0 | ||
| 008 | 230509b bl.|||m| |||| 00| 0 por d | ||
| 040 |
_aBR-BrBNA _bpor _cBiblioteca Nacional de Agricultura |
||
| 072 | _aH20 | ||
| 090 | _a1123 BR8203660 | ||
| 100 | 1 | _aMatta, E.M.F. | |
| 110 | 1 |
_aEmpresa de Pesquisa Agropecuaria da Bahia S.A., Salvador (Brasil) _94094 |
|
| 245 | 1 | _aDoencas do maracujazeiro no Estado da Bahia [Passiflora edulis, Brasil] | |
| 260 | 3 |
_aSalvador, BA (Brasil): _c1982. |
|
| 300 | _a17 p. | ||
| 490 |
_aCircular Tecnica - Empresa de Pesquisa Agropecuaria da Bahia (Brazil) _vno. 2 _x |
||
| 650 | _aMANCHA DE ALTERNARIA | ||
| 650 | _aPODRIDAO DO COLO | ||
| 650 | _aVIROSE VEGETAL | ||
| 650 | _aFUSARIOSE | ||
| 650 | _aQUEIMA DA FOLHA | ||
| 650 | _aANTRACNOSE | ||
| 650 | _aVERRUGOSE | ||
| 650 | _aMARACUJA | ||
| 650 | _aBAHIA | ||
| 909 |
_a202312 _bLúcia Elande _c55 _dLúcia Elande |
||
| 942 |
_2AGRIS _n0 _cMS |
||
| 999 |
_c274569 _d274569 |
||